Postcolonial literatures and Deleuze : colonial pasts, differential futures /

Bibliographic Details
Corporate Author: ebrary, Inc
Other Authors: Burns, Lorna, Kaiser, Birgit Mara
Format: eBook
Language:English
Published: Hampshire ; New York : Palgrave Macmillan, 2012.
Subjects:
Online Access:Connect to the full text of this electronic book

MARC

Tag First Indicator Second Indicator Subfields
LEADER 00000cam a2200000 a 4500
001 in00002781556
006 m d
007 cr cn|||||||||
008 120423s2012 enk ob 001 0 eng d
005 20250816210546.1
010 |z  2012016701 
020 |z 9780230348257 
020 |z 9781137030801 (e-book) 
035 |a (CaPaEBR)ebr10587504 
040 |a CaPaEBR  |c CaPaEBR  |d UtOrBLW 
050 1 4 |a PN56.P555  |b P67 2012eb 
082 0 4 |a 809/.93358  |2 23 
245 0 0 |a Postcolonial literatures and Deleuze :  |b colonial pasts, differential futures /  |c edited by Lorna Burns and Birgit M. Kaiser. 
264 1 |a Hampshire ;  |a New York :  |b Palgrave Macmillan,  |c 2012. 
300 |a 1 online resource (ix, 220 pages) 
336 |a text  |b txt  |2 rdacontent 
337 |a computer  |b c  |2 rdamedia 
338 |a online resource  |b cr  |2 rdacarrier 
504 |a Includes bibliographical references and index. 
505 0 |a Forget Deleuze / Bruce B. Janz -- The bachelor-machine and the postcolonial writer / Gregg Lambert -- The world with(out) others, or, How to unlearn the desire for the other / Kathrin Thiele -- Edward Said between singular and specific / David Huddart -- Deleuze, Hallward, and the transcendental analytic of relation / Nick Nesbitt -- The singularities of postcolonial literature : preindividual (hi)stories in Mohammed Dib's Northern trilogy / Birgit M. Kaiser -- Postcolonialism beyond the colonized and the colonizer : Caribbean writing as postcolonial health / Lorna Burns -- Becoming-animal, becoming-political in Rachid Boudjedra's L'Escargot entêté / Réda Bensmaïa (translated by Patricia Krus) -- Revolutionizing pleasure in writing : subversive desire and micropolitical affects in Nalo Hopkinson's The salt roads / Milena Marinkova -- Undercurrents and the desert(ed) : Negarestani, Tournier and Deleuze map the polytics of a "new earth" / Rick Dolphijn. 
500 |a Electronic resource. 
600 1 0 |a Deleuze, Gilles,  |d 1925-1995. 
650 0 |a Postcolonialism in literature. 
650 0 |a Postcolonialism. 
655 7 |a Electronic books.  |2 local 
700 1 |a Burns, Lorna. 
700 1 |a Kaiser, Birgit Mara. 
710 2 |a ebrary, Inc. 
856 4 0 |u https://ebookcentral.proquest.com/lib/tamucs/detail.action?docID=990151  |y Connect to the full text of this electronic book  |t 0 
980 |a 120828  |b 85  |c USD  |e 85  |f YBP_EBR0000041184  |g 1 
999 f f |s 3b8a1f4f-2b96-354d-8888-c6ef2a429f81  |i 4cd053df-f661-34a0-834b-c1a12134d215  |t 0 
999 |a MARS 
952 f f |a Texas A&M University  |b College Station  |c Electronic Resources  |d Available Online  |t 0  |e PN56.P555 P67 2012eb  |h Library of Congress classification 
998 f f |a PN56.P555 P67 2012eb  |t 0  |l Available Online